| 000 | 01557nam a2200301 i 4500 | ||
|---|---|---|---|
| 003 | DO-SdBNP | ||
| 005 | 20250416132243.0 | ||
| 007 | ta | ||
| 008 | 250411b2024 dr ||||| |||| 00| 0 spa d | ||
| 020 | _a9789945290516 | ||
| 040 |
_aDO-SdBNP _bspa _cBNPHU _erda |
||
| 041 | _aspa | ||
| 082 | 4 |
_a0 _bE32 2024 _222 |
|
| 100 | 1 |
_aEguren-Bouchane, Amalfi, _eautor _4aut. _987066 |
|
| 245 | 1 | 3 |
_aUn diagnóstico no te define : _brecupera tu poder / _cAmalfi Eguren-Bouchane ; prólogo, Grisbel Medina. |
| 250 | _aSegunda edición revisada y ampliada | ||
| 264 | 4 |
_aSanto Domingo : _b[editor no identificado], _c©2024. |
|
| 300 |
_a378 páginas ; _c23 cm. |
||
| 336 |
_atexto _btxt _2rdacontent |
||
| 337 |
_asin mediación _bn _2rdamedia |
||
| 338 |
_avolumen _bnc _2rdacarrier |
||
| 504 | _aBibliografía: páginas 369-376 | ||
| 505 | _aAgradecimientos -- Introducción -- Recibiendo un diagnóstico inesperado -- Trastorno mentales, comunes y diversos - -- Refugio en la negación -- El camino de la aceptación -- Comprendiendo el TAB -- Viviendo con el diagnóstico -- Por su salud mental -- Economía de la atención y salud mental -- Un regalo llamado terapia-- Un superpoder llamado resiliencia -- Hazte responsable, recupera tu poder -- Todo obra para bien -- Creados para triunfar -- ¡Otra vez! ¿Por qué? ¿Por qué? Para qué Dios -- Abrazando y aceptando con gozo mi llamado -- Mi último mensaje para ti -- | ||
| 590 | _aInventariado, 2025 /LP | ||
| 700 | 1 |
_aMedina, Grisbel, _eprologuista _4pr. _987435 |
|
| 910 | _aLP | ||
| 942 |
_2ddc _cLBS1 |
||
| 999 |
_c58236 _d58236 |
||